000 00465cam a2200181ua 4500
020 _cRs 2.50
041 _aeng
_h
082 _a320.58
_bCHA/BA
100 _aChaudhary, Ramanarayan .
245 _aBapu as i saw him /
_cRamanarayan Chaudhary.
_hTextual Documents
260 _aAhmadabad :
_bNavajivan publishing house ,
_c1959.
300 _a274 ; .
365 _aRs 2.50
504 _a
650 _aGandhiana
942 _cBK
999 _c1100
_d1100